Statystyki dla 50 potęg liczby 2

Kliknij tutaj aby rozwiązać quiz!

Ogólne statystyki

  • Ten quiz został rozwiązany 30 razy
  • Średni wynik to 30 z 51

Statystyki odpowiedzi

PotęgaOdpowiedź% Poprawnych
2^12
100%
2^24
100%
2^101 024
96%
2^7128
96%
2^416
96%
2^112 048
96%
2^8256
96%
2^532
96%
2^9512
96%
2^664
96%
2^38
96%
2^01
93%
2^124 096
93%
2^138 192
85%
2^1416 384
78%
2^1532 768
74%
2^1665 536
70%
2^201 048 576
63%
2^17131 072
63%
2^18262 144
63%
2^19524 288
63%
2^212 097 152
59%
2^2416 777 216
56%
2^224 194 304
56%
2^238 388 608
56%
2^301 073 741 824
52%
2^27134 217 728
52%
2^28268 435 456
52%
2^2533 554 432
52%
2^29536 870 912
52%
2^2667 108 864
52%
2^312 147 483 648
44%
2^324 294 967 296
41%
2^3417 179 869 184
33%
2^338 589 934 592
33%
2^401 099 511 627 776
30%
2^37137 438 953 472
30%
2^4417 592 186 044 416
30%
2^412 199 023 255 552
30%
2^38274 877 906 944
30%
2^3534 359 738 368
30%
2^4535 184 372 088 832
30%
2^424 398 046 511 104
30%
2^39549 755 813 888
30%
2^3668 719 476 736
30%
2^4670 368 744 177 664
30%
2^438 796 093 022 208
30%
2^501 125 899 906 842 624
26%
2^47140 737 488 355 328
26%
2^48281 474 976 710 656
26%
2^49562 949 953 421 312
26%

Rozkład punktacji

Percentyl według liczby udzielonych odpowiedzi

Procent ludzi z każdym wynikiem

Twoja historia wyników

Nie rozwiązałeś tego quizu